Statistics for Countries Richer Than The World Average

Click here to take the quiz!

General Stats

  • This quiz has been taken 55 times
  • The average score is 54 of 63

Answer Stats

$$$Country% Correct
$50,580Belgium
100%
$47,340France
98%
$102,220Ireland
98%
$127,630Luxembourg
98%
$173,680Monaco
98%
$92,640Norway
98%
$56,330Sweden
98%
$42,330United Kingdom
98%
$69,290United States
98%
$52,050Canada
96%
$48,390Germany
96%
$39,990Japan
96%
$180,230Liechtenstein
96%
$34,750South Korea
96%
$59,930Australia
94%
$52,820Finland
94%
$58,060Netherlands
94%
$17,840Poland
94%
$85,880Qatar
94%
$93,460Switzerland
94%
$48,000United Arab Emirates
94%
$15,420Croatia
92%
$67,800Denmark
92%
$18,990Hungary
92%
$74,990Iceland
92%
$48,810New Zealand
92%
$29,470Slovenia
92%
$20,270Greece
90%
$31,240Italy
90%
$33,700Malta
90%
$27,990Saudi Arabia
90%
$29,190Spain
90%
$53,270Austria
88%
$28,090Czech Republic
88%
$20,580Slovakia
88%
$14,960Argentina
86%
$20,190Chile
86%
$23,120Portugal
86%
$47,700San Marino
86%
$29,210Bahrain
84%
$29,350Estonia
84%
$47,030Israel
84%
$21,490Latvia
84%
$24,030Lithuania
84%
$22,540Oman
84%
$14,220Romania
84%
$79,430Singapore
84%
$35,520Taiwan
84%
$30,800Cyprus
82%
$38,120Kuwait
80%
$43,050Andorra
78%
$22,020Uruguay
78%
$24,250Bahamas
76%
$13,730Costa Rica
72%
$42,940Brunei
70%
$17,400Panama
68%
$20,010Barbados
62%
$13,510Malaysia
62%
$20,120Seychelles
56%
$19,130Saint Kitts and Nevis
54%
$20,750Trinidad and Tobago
52%
$16,790Antigua and Barbuda
50%
$13,890Maldives
44%

Score Distribution

Percentile by Number Answered

Percent of People with Each Score

Your Score History

You have not taken this quiz